书目信息 |
| 题名: |
怎样种啤酒花
|
|
| 作者: | 裕载勋 著 | |
| 分册: | ||
| 出版信息: | 上海 上海科学技术出版社 1982 |
|
| 页数: | 81页 | |
| 开本: | 19cm | |
| 丛书名: | ||
| 单 册: | ||
| 中图分类: | S571.9 | |
| 科图分类: | ||
| 主题词: | 啤酒花--栽培 | |
| 电子资源: | ||
| ISBN: | 16119.754 | |
| 000 | 00611nam0 2200229 450 | |
| 001 | 0182009571 | |
| 005 | 20100712220323.0 | |
| 010 | @a16119.754@dCNY0.25 | |
| 091 | @a16119.754 | |
| 100 | @a19950630d1982 em y0chiy0110 ea | |
| 101 | 0 | @achi |
| 102 | @aCN@b310000 | |
| 105 | @ay z 000yy | |
| 106 | @ar | |
| 200 | 1 | @a怎样种啤酒花@9Zen Yang Zhong;Chong Pi Jiu Hua @f裕载勋编著 |
| 210 | @a上海@c上海科学技术出版社@d1982 | |
| 215 | @a81页@d19cm | |
| 606 | 0 | @a啤酒花@x栽培 |
| 690 | @aS571.9@v3 | |
| 701 | 0 | @a裕载勋@9yu zai xun@4著 |
| 801 | 0 | @aCN@b91MARC@c20130904 |
| 905 | @aBZT@dS571.9@e1@f5@sS571.9/1 | |
| 怎样种啤酒花/裕载勋编著.-上海:上海科学技术出版社,1982 |
| 81页;19cm |
| ISBN 16119.754:CNY0.25 |
| ● |
| 相关链接 |
|
|
|
正题名:怎样种啤酒花
索取号:S571.9/1
 
预约/预借
| 序号 | 登录号 | 条形码 | 馆藏地/架位号 | 状态 | 备注 |
| 1 | 2000112441 | 2000112441 | 旧书回溯/ [索取号:S571.9/1] | 在馆 | |
| 2 | 2000112442 | 2000112442 | 旧书回溯/ [索取号:S571.9/1] | 在馆 | |
| 3 | 2000112443 | 2000112443 | 旧书回溯/ [索取号:S571.9/1] | 在馆 | |
| 4 | 2000112444 | 2000112444 | 旧书回溯/ [索取号:S571.9/1] | 在馆 | |
| 5 | 2000112445 | 2000112445 | 旧书回溯/ [索取号:S571.9/1] | 在馆 |